000 00714nam a2200241 i 4500
001 C2-0307384
003 PPAK
005 20180728094106.0
008 110202s2007 nyua|||| ||||| | eng d
020 _a9780689844898
040 _aPPAK
_beng
_cPPAK
_erda
082 0 4 _a720.483
_223
090 0 0 _a720.483
_bCUR
_dRLCK
100 1 _aCurlee, Lynn,
_eauthor
245 1 0 _askyscraper
264 1 _aNew York :
_bAtheneum Books for Young Readers ,
_c2007
300 _a40 pages :
_bcolour illustrations ;
_c31 cm
336 _2rdacontent
_atext
337 _2rdamedia
_aunmediated
338 _2rdacarrier
_avolume
650 1 0 _aSkyscrapers History Juvenile literature. Skyscrapers History.
942 _ddc
_cB
999 _c110150
_d110150